000
00249pab a2200109 454500
008
180718b xxu||||| |||| 00| 0 eng d
100
_a
Ramanathan, Usha
245
_a
Clubbing women's laws
650
_a
Women
773
_a
Indian Express
909
_a
22779
999
_c
22779
_d
22779